Toward An Economic Theory of Multilateral Development Banking /

This paper addresses an apparent lack of economic theory in the analysis of multilateral development bank (MDB) behavior. A simple comparative statics model that is adapted from the credit union literature is used to predict potential areas of conflict, agreement, and indifference between MDB member...

Cijeli opis

Bibliografski detalji
Glavni autor: Schwartz, Gerd
Format: Žurnal
Jezik:English
Izdano: Washington, D.C. : International Monetary Fund, 1993.
Serija:IMF Working Papers; Working Paper ; No. 1993/040
Online pristup:Full text available on IMF
LEADER 01529cas a2200241 a 4500
001 AALejournalIMF009014
008 230101c9999 xx r poo 0 0eng d
020 |c 5.00 USD 
020 |z 9781451845891 
022 |a 1018-5941 
040 |a BD-DhAAL  |c BD-DhAAL 
100 1 |a Schwartz, Gerd. 
245 1 0 |a Toward An Economic Theory of Multilateral Development Banking /  |c Gerd Schwartz. 
264 1 |a Washington, D.C. :  |b International Monetary Fund,  |c 1993. 
300 |a 1 online resource (26 pages) 
490 1 |a IMF Working Papers 
500 |a <strong>Off-Campus Access:</strong> No User ID or Password Required 
500 |a <strong>On-Campus Access:</strong> No User ID or Password Required 
506 |a Electronic access restricted to authorized BRAC University faculty, staff and students 
520 3 |a This paper addresses an apparent lack of economic theory in the analysis of multilateral development bank (MDB) behavior. A simple comparative statics model that is adapted from the credit union literature is used to predict potential areas of conflict, agreement, and indifference between MDB member countries, analyze lending policies against the background of distributional conflicts, and show how various institutional reforms may improve efficiency and overall member country benefits. 
538 |a Mode of access: Internet 
830 0 |a IMF Working Papers; Working Paper ;  |v No. 1993/040 
856 4 0 |z Full text available on IMF  |u http://elibrary.imf.org/view/journals/001/1993/040/001.1993.issue-040-en.xml  |z IMF e-Library